000 00616nmc a2200241 a 4500
003 AR-BaBNM
005 20251128211742.0
008 156020s2003 ||||||||||||||000 | spa||
020 _a950-518-714-9
040 _cAR-BaBNM
100 1 _aEspósito, Roberto
245 1 0 _aCommunitas
_borigen y destino de la comunidad
250 _a1ª ed.
260 _aBuenos Aires
_bAmorrortu
_c2003
300 0 _a214 p.
490 0 _aMutaciones
650 4 _aFILOSOFIA POLITICA
650 4 _aCOMUNIDADES
650 4 _aTEORIA POLITICA
700 1 _aNancy, Jean-Luc
_eprologuista
942 _cBK
998 _cme-solo cat
999 _c20959
_d20959